00841nac a22002051u 4500010001300000020001700013082002100030090001500051100003400066245010600100260005000206300003300256504005100289650003800340650005400378651005700432942002300489999001500512952010800527 a75019459 a0231037732 :00a338.80973bS5482 c1777d1777 aShepherd, William G. 14aThe treatment of market power :bantitrust, regulation, and public enterprise /cWilliam G. Shepherd. aNew York :bColumbia University Press,c1975. aix, 326 p. :bill. ;c24 cm. aIncludes bibliographical references and index. 0aCompetitionxMathematical models. 0aBig businesszUnited StatesxMathematical models. 0aUnited StatesxEconomic policyxMathematical models. cBBk338.80973S5482 c1777d1777 00104070aMAINbMAINc1STd2014-12-06ePurchasel0o338.80973 SHEp000002540r2025-07-15 00:00:00yBB